Statistiques concernant Personnalités françaises les plus suivies sur Twitter

Cliquez ici pour prendre le quiz!

Statistiques générales

  • Ce quiz a été pris 264 fois
  • Le résultat moyen est 6 sur 15

Statistiques - réponses

FonctionNombre d'abonnés (en millions)Personnalité% Correct
Youtubeur6,9Cyprien
85%
Youtubeur3,3Squeezie
78%
Youtubeur5,8Norman
71%
Animateur de télévision4,8Cyril Hanouna
54%
Musicien21,5David Guetta
52%
Humoriste7,3Gad Elmaleh
52%
Sportif3,7Antoine Griezmann
51%
Humoriste5,2Kev Adams
39%
Sportif5,5Karim Benzema
35%
Humoriste6,7Jamel Debbouze
28%
Youtubeur3,5Mister V
24%
Chanteur3,9Booba
21%
Chanteur4,8Matt Pokora
20%
Sportif3,4Raphaël Varane
6%
Chanteur3,9La Fouine
4%

Distribution des résultats

Percentile par nombre de réponses

% des personnes avec chaque résultat

Votre développement - résultats

Vous n’avez pas pris ce quiz